LIBRARY ONLINE CATALOGUE

Mo : (Record no. 12955)

MARC details
000 -LEADER
fixed length control field 00591nam a22002052 4500
001 - CONTROL NUMBER
control field 0000005278
005 - DATE AND TIME OF LATEST TRANSACTION
control field 20151217155827.0
008 - FIXED-LENGTH DATA ELEMENTS--GENERAL INFORMATION
fixed length control field 070611s xx 000 0 eng d
020 ## - INTERNATIONAL STANDARD BOOK NUMBER
International Standard Book Number 1869828038 :
Terms of availability KES 900
040 ## - CATALOGING SOURCE
Original cataloging agency KABU
Transcribing agency KABU
050 #0 - LIBRARY OF CONGRESS CALL NUMBER
Classification number TR140
Item number .A45T48
100 1# - MAIN ENTRY--PERSONAL NAME
Personal name Tetley, Brian.
-- 0000156481
245 10 - TITLE STATEMENT
Title Mo :
Remainder of title the story of Mohamed Amin, front line cameraman.
260 ## - PUBLICATION, DISTRIBUTION, ETC. (IMPRINT)
Place of publication, distribution, etc. London :
Name of publisher, distributor, etc. Moonstone Books,
Date of publication, distribution, etc. 1988.
300 ## - PHYSICAL DESCRIPTION
Extent 303 p.
600 10 - SUBJECT ADDED ENTRY--PERSONAL NAME
Personal name Amin, Mohamed.
-- 0000048017
908 ## - PUT COMMAND PARAMETER (RLIN)
Put command parameter 070611
950 ## - LOCAL HOLDINGS (RLIN)
-- 1
Holdings
Withdrawn status Lost status Source of classification or shelving scheme Not for loan Home library Current library Date acquired Total Checkouts Full call number Barcode Date last seen Date last checked out Price effective from Koha item type
    Library of Congress Classification   Kabarak, Main Campus Kabarak, Main Campus 17/12/2015 1 TR140 .A45T48 003997 01/09/2022 30/08/2022 17/12/2015 Africana Collection